ბათუმის შოთა რუსთაველის სახელმწიფო უნივერსიტეტის ბიბლიოთეკა

Стилистика текста. АНСССР (ბიბ.ჩანაწერი № 35191)

000 -LEADER
fixed length control field 00580nam a2200229Ia 4500
001 - CONTROL NUMBER
control field 1037
003 - CONTROL NUMBER IDENTIFIER
control field GE_BSU
008 - FIXED-LENGTH DATA ELEMENTS--GENERAL INFORMATION
fixed length control field 181216s||||||||xx |||||||||||||| ||und||
040 ## - CATALOGING SOURCE
Transcribing agency GE_BSU
080 ## - UNIVERSAL DECIMAL CLASSIFICATION NUMBER
Universal Decimal Classification number 811.161.1
100 ## - MAIN ENTRY--PERSONAL NAME
Personal name Одинцов,В.В
245 ## - TITLE STATEMENT
Title Стилистика текста. АНСССР
245 ## - TITLE STATEMENT
Remainder of title Ин-т русского языка
260 ## - PUBLICATION, DISTRIBUTION, ETC.
Place of publication, distribution, etc. Москва
260 ## - PUBLICATION, DISTRIBUTION, ETC.
Name of publisher, distributor, etc. Наука
260 ## - PUBLICATION, DISTRIBUTION, ETC.
Date of publication, distribution, etc. 1980
300 ## - PHYSICAL DESCRIPTION
Extent 264стр.
653 ## - INDEX TERM--UNCONTROLLED
Uncontrolled term Русский язык
653 ## - INDEX TERM--UNCONTROLLED
Uncontrolled term Стилистика текста
942 ## - ADDED ENTRY ELEMENTS (KOHA)
Koha item type წიგნი
ეგზემპლარები
Withdrawn status Lost status Damaged status Not for loan Date acquired Barcode Date last seen Price effective from Koha item type
        2018-12-17 1684 2018-12-17 2018-12-17 წიგნი